000 13641nas a22001697a 4500
008 210325b th ||||| |||| 00| 0 tha d
022 _a08572453
041 0 _atha
245 1 0 _aคู่สร้างคู่สม
260 3 _bคู่สร้างคู่สม
310 _aรายสัปดาห์
850 _aNALT
942 _cJNR
_01
997 _c47368
999 _c87368
_d87368